000 00189nam a2200085Ia 4500
008 120527s9999 xx 000 0 und d
100 _aDaniel, et al
245 _aSocial Problems
942 _cBK
999 _c27658
_d27658